000 00477nam a2200181Ia 4500
003 GCL
008 140319s9999 xx 000 0 eng d
040 _aGCL /
_cGCL
082 0 4 _aCC
_b932.014
_bN T
245 1 0 _aTUTANKHAMUN TREASURES TRESORS DE TOUTANKHAMON
260 _a[S.N] :
_bNATIONAL GALLERY OF CANDA ،
_c1965
300 _a28 P
650 0 4 _aLUXOR
650 0 4 _aTUTANCHAMON
650 0 4 _aVALLEY OF THE KINGS
650 0 4 _aNEW KINGDOM - EGYPT
942 _2ddc
_cBK
999 _c20303
_d20303